Guess the 1970s song lyrics #237 - Statistics

General Stats
  • This quiz has been taken 16 times
  • The average score is 97 of 138
Answer Stats
Answer % Correct
I
100%
my
100%
me
93%
you
93%
blue
86%
brown
86%
eyes
86%
love
86%
no
86%
to
86%
you're
86%
And
79%
and
79%
be
79%
do
79%
know
79%
make
79%
when
79%
Don't
71%
don't
71%
it
71%
now
71%
so
71%
what
71%
cry
64%
say
64%
Say
64%
Tell
64%
tell
64%
why
64%
been
57%
gone
57%
just
57%
lies
57%
all
50%
but
50%
But
50%
come
50%
Give
50%
give
50%
goodbye
50%
had
50%
I've
50%
long
50%
secrets
50%
some
50%
what's
50%
You've
50%
alibis
43%
I'll
43%
let
43%
night
43%
over
43%
anything
36%
found
36%
isn't
36%
new
36%
reasons
36%
someone
36%
Didn't
29%
fine
29%
true
29%
bad
21%
mean
21%
treat
21%
honey
14%
No matching quizzes found
Score Distribution
Percent of People with Each Score
Percentile by Number Answered
Your Score History
You have not taken this quiz